[Event "LTU-ch (Women)"]
[Site "Vilnius"]
[Date "2020.11.20"]
[Round "1"]
[White "Ravlusevic, Evelina"]
[Black "Saumanaite, Skaiste"]
[Result "1-0"]
[WhiteElo "1581"]
[BlackElo "2033"]
[PlyCount "115"]
[EventDate "2020.11.20"]
[EventType "swiss"]
[EventRounds "6"]
[EventCountry "LTU"]
[SourceTitle "CBM 199 Extra"]
[Source "ChessBase"]
[SourceDate "2021.01.31"]
[SourceVersion "1"]
[SourceVersionDate "2021.01.31"]
[SourceQuality "1"]

1. d4 d5 2. c4 dxc4 3. e4 c5 4. d5 Nf6 5. Nc3 b5 6. Bf4 a6 7. e5 b4 8. exf6 bxc3 9. bxc3 gxf6 10. Bxc4 Bg7 11. Qh5 Qa5 12. Ne2 f5 13. 0-0 Bf6 14. Rab1 Qa4 15. Bb3 Qe4 16. Bxb8 Rxb8 17. Ba4+ Qxa4 18. Rxb8 0-0 19. Ng3 Qf4 20. Rb6 Rd8 21. Qh3 Qd2 22. Nxf5 Kh8 23. Qf3 Bxf5 24. Qxf5 Qxd5 25. Qxd5 Rxd5 26. Rxa6 Bxc3 27. Ra7 Re5 28. a4 Bd4 29. Rc7 Kg7 30. a5 Re6 31. Rb1 Ra6 32. Rb5 Rf6 33. h3 Rxf2 34. Rcb7 Ra2+ 35. Kf1 e6 36. Rd7 Kf6 37. Rbb7 Rxa5 38. Rxf7+ Ke5 39. Rxh7 Ra1+ 40. Ke2 Ra2+ 41. Kf3 Ra3+ 42. Ke2 Ra2+ 43. Kf3 Ra3+ 44. Kg4 Ke4 45. Rhe7 e5 46. Rbc7 Bf2 47. Kg5 Rg3+ 48. Kf6 Bd4 49. Rg7 Rxg7 50. Rxg7 c4 51. Rc7 Kd3 52. Kf5 c3 53. g4 c2 54. Rxc2 e4 55. Rc8 e3 56. Re8 e2 57. Kf4 Bf2 58. g5 1-0

[Event "LTU-chT (Women)"]
[Site "Vilnius"]
[Date "2017.01.29"]
[Round "2.3"]
[White "Staskeviciute, Darija"]
[Black "Saumanaite, Skaiste"]
[Result "0-1"]
[WhiteElo "1319"]
[BlackElo "2043"]
[PlyCount "64"]
[EventDate "2017.01.28"]
[EventType "team-tourn"]
[EventRounds "7"]
[EventCountry "LTU"]
[SourceTitle "EXT 2018"]
[Source "ChessBase"]
[SourceDate "2017.10.13"]
[SourceVersion "1"]
[SourceVersionDate "2017.10.13"]
[SourceQuality "1"]
[WhiteTeam "LASF (W)"]
[BlackTeam "Vilnius MRU (W)"]
[WhiteTeamCountry "LTU"]
[BlackTeamCountry "LTU"]

1. d4 d5 2. Nf3 c5 3. c4 e6 4. Nc3 Nf6 5. cxd5 exd5 6. g3 Nc6 7. Bg2 Be7 8. 0-0 0-0 9. Bg5 cxd4 10. Nxd4 Re8 11. Rc1 h6 12. Be3 Be6 13. Qb3 Qd7 14. Rfd1 Bf8 15. Na4 Na5 16. Qc2 Rac8 17. Nc3 Nc4 18. Bf4 g5 19. Bd2 Bc5 20. Be1 Nd6 21. Qb3 Bxd4 22. Rxd4 Nf5 23. Rdd1 d4 24. Qa3 Bc4 25. Bh3 g4 26. Bf1 Qe6 27. Na4 b6 28. b3 Bxe2 29. Bxe2 Qxe2 30. Nb2 Rxc1 31. Rxc1 d3 32. Nc4 Nd4 0-1

[Event "EU-ch U18 Girls 26th"]
[Site "Prague"]
[Date "2016.08.27"]
[Round "9"]
[White "Saumanaite, Skaiste"]
[Black "Rodionova, Daria"]
[Result "1-0"]
[WhiteElo "1905"]
[BlackElo "2279"]
[PlyCount "77"]
[EventDate "2016.08.18"]
[EventType "swiss"]
[EventRounds "9"]
[EventCountry "CZE"]
[SourceTitle "CBM 174 Extra"]
[Source "ChessBase"]
[SourceDate "2016.10.10"]
[SourceVersion "1"]
[SourceVersionDate "2016.10.10"]
[SourceQuality "1"]

1. Nf3 c5 2. c4 Nc6 3. d4 cxd4 4. Nxd4 e6 5. e4 a6 6. Nc3 Qc7 7. Be2 Nf6 8. 0-0 Bb4 9. Nxc6 bxc6 10. Qc2 0-0 11. Bd3 Bb7 12. a3 Bxc3 13. Qxc3 c5 14. e5 Ng4 15. f4 f6 16. h3 fxe5 17. hxg4 exf4 18. Qc2 Qe5 19. Qf2 Qg5 20. Be2 e5 21. Qxc5 Rf6 22. Bf3 d6 23. Qa5 Bxf3 24. Rxf3 Raf8 25. Bd2 Qxg4 26. Raf1 Rg6 27. R1f2 h6 28. Qd5+ Kh7 29. Bb4 Rff6 30. Qe4 Rf5 31. Rd3 Rfg5 32. Rxd6 Qh5 33. Rxg6 Rxg6 34. Bc3 Kg8 35. Qxe5 Qd1+ 36. Rf1 Qc2 37. Qd5+ Kh7 38. Qd2 Qe4 39. Rxf4 1-0

[Event "EU-ch U18 Girls 26th"]
[Site "Prague"]
[Date "2016.08.19"]
[Round "2"]
[White "Saumanaite, Skaiste"]
[Black "Silva, Mariana Sofia Teixe"]
[Result "1-0"]
[WhiteElo "1905"]
[BlackElo "1757"]
[PlyCount "62"]
[EventDate "2016.08.18"]
[EventType "swiss"]
[EventRounds "9"]
[EventCountry "CZE"]
[SourceTitle "CBM 174 Extra"]
[Source "ChessBase"]
[SourceDate "2016.10.10"]
[SourceVersion "1"]
[SourceVersionDate "2016.10.10"]
[SourceQuality "1"]

1. d4 Nf6 2. c4 g6 3. Nc3 Bg7 4. e4 d6 5. Nf3 0-0 6. Be2 e5 7. 0-0 Nc6 8. d5 Ne7 9. b4 a5 10. Ba3 axb4 11. Bxb4 b6 12. a4 Ne8 13. Nd2 f5 14. f3 f4 15. Nb3 g5 16. a5 bxa5 17. Bxa5 Ng6 18. Nb5 Qe7 19. Qc2 h5 20. c5 g4 21. Bxc7 Rxa1 22. Rxa1 Qh4 23. Bxd6 g3 24. h3 Bxh3 25. gxh3 g2 26. Bc4 Nxd6 27. Nxd6 Qxh3 28. Qxg2 Qg3 29. Nf5 Rxf5 30. Qxg3 fxg3 31. exf5 Nh4 1-0

[Event "Plunge op 36th"]
[Site "Plateliai"]
[Date "2016.07.24"]
[Round "9"]
[White "Saumanaite, Skaiste"]
[Black "Kaunas, Kestutis"]
[Result "0-1"]
[WhiteElo "1950"]
[BlackElo "2163"]
[PlyCount "88"]
[EventDate "2016.07.18"]
[EventType "swiss"]
[EventRounds "9"]
[EventCountry "LTU"]
[SourceTitle "EXT 2018"]
[Source "ChessBase"]
[SourceDate "2017.10.13"]
[SourceVersion "1"]
[SourceVersionDate "2017.10.13"]
[SourceQuality "1"]

1. d4 Nf6 2. Nf3 e6 3. c4 b6 4. g3 Ba6 5. b3 Bb4+ 6. Bd2 Be7 7. Qc2 c6 8. Bg2 d5 9. 0-0 Nbd7 10. Bf4 Rc8 11. Nbd2 0-0 12. e4 c5 13. e5 Nh5 14. Rfc1 cxd4 15. Nxd4 Nxf4 16. gxf4 Ba3 17. Rd1 Qh4 18. Ne2 Bc5 19. Nf3 Qxf2+ 20. Kh1 dxc4 21. bxc4 Rfd8 22. Rf1 Qe3 23. Ng5 Nf8 24. Ne4 Qd3 25. Qxd3 Rxd3 26. Nxc5 Rxc5 27. Ng3 Bxc4 28. Rf2 Bd5 29. Ne4 Bxe4 30. Bxe4 Rd4 31. Bg2 Ng6 32. Raf1 Kf8 33. Bb7 Ke7 34. Bg2 Nh4 35. Bh3 g6 36. Bg4 h5 37. Bd1 b5 38. Kg1 a5 39. Rc2 Rxc2 40. Bxc2 Rd2 41. Rf2 Nf3+ 42. Rxf3 Rxc2 43. Rb3 b4 44. a3 Rc3 0-1

[Event "Plunge op 36th"]
[Site "Plateliai"]
[Date "2016.07.21"]
[Round "6"]
[White "Bagvilas, Lukas"]
[Black "Saumanaite, Skaiste"]
[Result "1-0"]
[WhiteElo "1655"]
[BlackElo "1950"]
[PlyCount "41"]
[EventDate "2016.07.18"]
[EventType "swiss"]
[EventRounds "9"]
[EventCountry "LTU"]
[SourceTitle "EXT 2018"]
[Source "ChessBase"]
[SourceDate "2017.10.13"]
[SourceVersion "1"]
[SourceVersionDate "2017.10.13"]
[SourceQuality "1"]

1. e4 c6 2. d4 d5 3. f3 g6 4. Be3 Qb6 5. b3 Bg7 6. Nc3 dxe4 7. fxe4 e5 8. Nf3 Bg4 9. Bc4 exd4 10. Bxd4 Bxd4 11. Qxd4 Qxd4 12. Nxd4 b5 13. Ncxb5 Kd7 14. Nc3 Nh6 15. 0-0 Ke7 16. h3 Bd7 17. Rf2 a5 18. Raf1 Be8 19. g4 f6 20. Rxf6 Ra7 21. g5 1-0

[Event "Plunge op 36th"]
[Site "Plateliai"]
[Date "2016.07.21"]
[Round "5"]
[White "Saumanaite, Skaiste"]
[Black "Narmontas, Raimondas"]
[Result "1/2-1/2"]
[WhiteElo "1950"]
[BlackElo "1983"]
[PlyCount "70"]
[EventDate "2016.07.18"]
[EventType "swiss"]
[EventRounds "9"]
[EventCountry "LTU"]
[SourceTitle "EXT 2018"]
[Source "ChessBase"]
[SourceDate "2017.10.13"]
[SourceVersion "1"]
[SourceVersionDate "2017.10.13"]
[SourceQuality "1"]

1. d4 e6 2. Nf3 f5 3. Nbd2 Nf6 4. e3 d5 5. Ne5 Bd6 6. Ndf3 0-0 7. c4 c6 8. a3 Bd7 9. c5 Bc7 10. b4 Be8 11. a4 Bh5 12. Qb3 Bxf3 13. gxf3 Bxe5 14. dxe5 Nfd7 15. f4 a5 16. Ba3 axb4 17. Bxb4 Na6 18. Bxa6 bxa6 19. a5 Rb8 20. Qc3 Rb5 21. Ke2 Qh4 22. h3 Rfb8 23. Rab1 Nxc5 24. Qxc5 Rxc5 25. Bxc5 Qh5+ 26. f3 Rb5 27. Rxb5 cxb5 28. Bd6 Qg6 29. Kf2 Qh6 30. Rc1 Qxh3 31. Rc8+ Kf7 32. Rc7+ Kg6 33. Bf8 Qh2+ 34. Kf1 Qh3+ 35. Kf2 Qh2+ 1/2-1/2

[Event "Plunge op 36th"]
[Site "Plateliai"]
[Date "2016.07.18"]
[Round "1"]
[White "Saumanaite, Skaiste"]
[Black "Liandzbergas, Mykolas"]
[Result "1-0"]
[WhiteElo "1950"]
[BlackElo "1445"]
[PlyCount "63"]
[EventDate "2016.07.18"]
[EventType "swiss"]
[EventRounds "9"]
[EventCountry "LTU"]
[SourceTitle "EXT 2018"]
[Source "ChessBase"]
[SourceDate "2017.10.13"]
[SourceVersion "1"]
[SourceVersionDate "2017.10.13"]
[SourceQuality "1"]

1. d4 Nf6 2. Nf3 d5 3. c4 dxc4 4. Qa4+ Bd7 5. Qxc4 e6 6. Nc3 Bc6 7. Ne5 Bd5 8. Qb5+ Nbd7 9. Nxd5 Nxd5 10. Bd2 Bd6 11. Nxd7 Qxd7 12. Qxb7 0-0 13. e4 Rfb8 14. Qa6 Nb4 15. Qc4 Nc6 16. Rc1 Nd8 17. e5 Bf8 18. b4 c6 19. Bd3 Qb7 20. 0-0 h6 21. Be4 Rc8 22. b5 Qc7 23. bxc6 Rab8 24. Qa4 Be7 25. Ba5 Rb6 26. Bxb6 axb6 27. Qb5 Ra8 28. Rb1 Rxa2 29. Qxb6 Qxb6 30. Rxb6 Ra7 31. Rc1 Rc7 32. g3 1-0

[Event "LTU-ch (Women)"]
[Site "Vilnius"]
[Date "2016.03.09"]
[Round "5"]
[White "Saumanaite, Skaiste"]
[Black "Norinkeviciute, Rasa"]
[Result "1/2-1/2"]
[WhiteElo "1878"]
[BlackElo "2026"]
[PlyCount "106"]
[EventDate "2016.03.06"]
[EventType "swiss"]
[EventRounds "7"]
[EventCountry "LTU"]
[SourceTitle "CBM 171 Extra"]
[Source "ChessBase"]
[SourceDate "2016.04.26"]
[SourceVersion "1"]
[SourceVersionDate "2016.04.26"]
[SourceQuality "1"]

1. e4 c5 2. Nf3 d6 3. d4 cxd4 4. Nxd4 Nf6 5. Nc3 a6 6. f3 e5 7. Nb3 Be6 8. Be3 h5 9. Qd2 Nc6 10. g3 d5 11. exd5 Nxd5 12. Bc5 Be7 13. Bxe7 Ndxe7 14. 0-0-0 Qxd2+ 15. Rxd2 Bxb3 16. cxb3 Nd4 17. f4 f6 18. Bg2 0-0-0 19. fxe5 fxe5 20. Re1 Nec6 21. Nd5 Rhf8 22. Nb6+ Kc7 23. Nc4 Rfe8 24. Re4 b5 25. Ne3 Nb4 26. Kb1 Nbc6 27. Rh4 Rh8 28. Nd5+ Kd6 29. Nc3 Kc7 30. Nd5+ Kd6 31. Nc3 Kc5 32. Ne4+ Kb6 33. Ng5 Rdf8 34. Re4 Rf5 35. h4 Rhf8 36. Re1 Rf2 37. Rxf2 Rxf2 38. Be4 Kc5 39. Rc1+ Kb6 40. Ne6 g6 41. Nxd4 Nxd4 42. Bxg6 Rg2 43. Bxh5 Rxg3 44. Re1 Rh3 45. Kc1 Rxh4 46. Rxe5 Rh2 47. Bd1 Rf2 48. Rd5 Nc6 49. Rd2 Rf1 50. a3 Kc5 51. b4+ Kb6 52. b3 Rf6 53. Rd5 Ne7 1/2-1/2

[Event "EU-ch U18 Girls 25th"]
[Site "Porec"]
[Date "2015.09.24"]
[Round "4"]
[White "Saumanaite, Skaiste"]
[Black "Gueci, Laura"]
[Result "1-0"]
[WhiteElo "1891"]
[BlackElo "2023"]
[PlyCount "89"]
[EventDate "2015.09.21"]
[EventType "swiss"]
[EventRounds "9"]
[EventCountry "CRO"]
[SourceTitle "EXT 2016"]
[Source "ChessBase"]
[SourceDate "2015.10.08"]
[SourceVersion "1"]
[SourceVersionDate "2015.10.08"]
[SourceQuality "1"]

1. d4 d5 2. Nf3 Nf6 3. c4 c6 4. e3 a6 5. Nc3 b5 6. c5 g6 7. Ne5 Bg7 8. Bd3 0-0 9. f4 Nfd7 10. 0-0 Nxe5 11. fxe5 f6 12. exf6 Rxf6 13. Bd2 e5 14. Be1 Rxf1+ 15. Bxf1 Qg5 16. Bf2 Be6 17. Qe1 Nd7 18. Rd1 Rf8 19. Bh4 Qf5 20. Ne2 Bh6 21. Bf2 Qf7 22. Nc1 Nf6 23. Nd3 Ng4 24. h3 e4 25. hxg4 exd3 26. Rxd3 Bxg4 27. Ra3 Bc8 28. b4 Bg5 29. Bd3 Re8 30. Be2 Qe6 31. Bf3 Bf6 32. Qb1 Bd8 33. Rc3 Bc7 34. e4 dxe4 35. Re3 Qf6 36. Rxe4 Rf8 37. Qe1 Bf4 38. Re8 Bd7 39. Rxf8+ Qxf8 40. Bxc6 Bxc6 41. Qe6+ Qf7 42. Qxc6 Qxa2 43. Qe8+ Kg7 44. g3 Bg5 45. c6 1-0

[Event "EU-ch U18 Girls 25th"]
[Site "Porec"]
[Date "2015.09.21"]
[Round "1"]
[White "Machlik, Monika"]
[Black "Saumanaite, Skaiste"]
[Result "1-0"]
[WhiteElo "2050"]
[BlackElo "1891"]
[PlyCount "59"]
[EventDate "2015.09.21"]
[EventType "swiss"]
[EventRounds "9"]
[EventCountry "CRO"]
[SourceTitle "EXT 2016"]
[Source "ChessBase"]
[SourceDate "2015.10.08"]
[SourceVersion "1"]
[SourceVersionDate "2015.10.08"]
[SourceQuality "1"]

1. d4 d5 2. c4 dxc4 3. e4 c5 4. d5 Nf6 5. Nc3 b5 6. Bf4 Qa5 7. Bd2 b4 8. e5 bxc3 9. Bxc3 Qc7 10. exf6 exf6 11. Bxc4 Bd6 12. Nf3 0-0 13. 0-0 Nd7 14. h3 Nb6 15. b3 Bb7 16. Qd3 Rfd8 17. Rad1 Bf8 18. Qf5 Bc8 19. Qe4 Nxc4 20. bxc4 Bd6 21. Rfe1 Ba6 22. Nh4 Bh2+ 23. Kh1 Qf4 24. Ba5 Rf8 25. d6 Qxe4 26. Rxe4 Be5 27. d7 Bd4 28. Nf5 Bxc4 29. Nxd4 Bd5 30. Re7 1-0

[Event "Panevezys op-A 28th"]
[Site "Panevezys"]
[Date "2015.08.21"]
[Round "7"]
[White "Saumanaite, Skaiste"]
[Black "Dragun, Valentin"]
[Result "1/2-1/2"]
[WhiteElo "1925"]
[BlackElo "2073"]
[PlyCount "171"]
[EventDate "2015.08.17"]
[EventType "swiss"]
[EventRounds "9"]
[EventCountry "LTU"]
[SourceTitle "EXT 2016"]
[Source "ChessBase"]
[SourceDate "2015.10.08"]
[SourceVersion "1"]
[SourceVersionDate "2015.10.08"]
[SourceQuality "1"]

1. d4 g6 2. c4 Bg7 3. Nf3 d6 4. Nc3 Nf6 5. e4 0-0 6. h3 e5 7. d5 Na6 8. Be3 c6 9. Be2 cxd5 10. cxd5 b6 11. Nd2 Nc7 12. b4 Nfe8 13. g4 f5 14. gxf5 gxf5 15. exf5 Bxf5 16. Nde4 Nf6 17. Nxf6+ Qxf6 18. Rc1 Qh4 19. a3 Rf7 20. Bg4 Bh6 21. Bxh6 Qxh6 22. Rg1 Kh8 23. Bxf5 Rxf5 24. Ne2 Rf7 25. Rc3 Raf8 26. Rg2 Ne8 27. Rcg3 Ng7 28. Qd2 Qxd2+ 29. Kxd2 Nh5 30. Rg5 Nf6 31. Nc3 Rc8 32. f3 Rfc7 33. Ne4 Nxe4+ 34. fxe4 Rc2+ 35. Kd1 Rxg2 36. Rxg2 Rc4 37. Re2 Rc3 38. Rc2 Rxa3 39. Rc6 Rb3 40. Rxd6 Rxb4 41. Rd8+ Kg7 42. Rd7+ Kg6 43. Rxa7 Rxe4 44. Rd7 h5 45. Kc2 Rd4 46. Rd6+ Kf5 47. Rxb6 Rxd5 48. Rh6 Kg5 49. Ra6 Rd4 50. Ra5 Kf4 51. Ra8 Kg3 52. Ra5 Kf4 53. Ra8 e4 54. Rh8 Rd5 55. Rf8+ Rf5 56. Re8 Kf3 57. Kd2 Rd5+ 58. Ke1 h4 59. Rf8+ Kg3 60. Ke2 Ra5 61. Ke3 Ra4 62. Rg8+ Kxh3 63. Kf4 Kh2 64. Ke3 h3 65. Rg6 Ra2 66. Kxe4 Rg2 67. Rb6 Kg3 68. Ke3 Ra2 69. Rg6+ Kh2 70. Kf3 Ra3+ 71. Kf2 Ra2+ 72. Kf3 Rg2 73. Rh6 Rg3+ 74. Kf2 Rg7 75. Rf6 Ra7 76. Rg6 Rf7+ 77. Ke2 Rf5 78. Rg8 Ra5 79. Kf2 Ra2+ 80. Kf3 Kh1 81. Rg7 h2 82. Rg8 Ra1 83. Kf2 Rg1 84. Re8 Rg2+ 85. Kf1 Rf2+ 86. Kxf2 1/2-1/2

[Event "Panevezys op-A 28th"]
[Site "Panevezys"]
[Date "2015.08.20"]
[Round "6"]
[White "Paleologu, Vladimir"]
[Black "Saumanaite, Skaiste"]
[Result "1-0"]
[WhiteElo "2080"]
[BlackElo "1925"]
[PlyCount "43"]
[EventDate "2015.08.17"]
[EventType "swiss"]
[EventRounds "9"]
[EventCountry "LTU"]
[SourceTitle "EXT 2016"]
[Source "ChessBase"]
[SourceDate "2015.10.08"]
[SourceVersion "1"]
[SourceVersionDate "2015.10.08"]
[SourceQuality "1"]

1. e4 c6 2. d4 d5 3. f3 g6 4. Be3 Bg7 5. Nc3 h5 6. Qd2 Nh6 7. h3 b6 8. g3 Ba6 9. Bg2 e6 10. Nge2 Bxe2 11. Nxe2 Nd7 12. 0-0-0 Qc7 13. Bf4 Qb7 14. Nc3 0-0-0 15. exd5 exd5 16. g4 f6 17. Nxd5 Nf8 18. Ne3 Ne6 19. Nc4 Nxf4 20. Qxf4 Nf7 21. Qe4 f5 22. Qe6+ 1-0

[Event "Panevezys op-A 28th"]
[Site "Panevezys"]
[Date "2015.08.20"]
[Round "5"]
[White "Saumanaite, Skaiste"]
[Black "Jankevicius, Nedas"]
[Result "1/2-1/2"]
[WhiteElo "1925"]
[BlackElo "1716"]
[PlyCount "38"]
[EventDate "2015.08.17"]
[EventType "swiss"]
[EventRounds "9"]
[EventCountry "LTU"]
[SourceTitle "EXT 2016"]
[Source "ChessBase"]
[SourceDate "2015.10.08"]
[SourceVersion "1"]
[SourceVersionDate "2015.10.08"]
[SourceQuality "1"]

1. d4 Nf6 2. Nf3 g6 3. c4 Bg7 4. Nc3 0-0 5. e4 d6 6. g3 Nbd7 7. Bg2 e5 8. d5 Nc5 9. Qc2 a5 10. 0-0 Nfd7 11. Nh4 Nf6 12. h3 Nh5 13. Qe2 Qe7 14. Be3 b6 15. Rac1 Bd7 16. b3 Qe8 17. Kh2 f5 18. Bd2 Nf6 19. Rce1 h6 1/2-1/2

[Event "LTU-ch U18 Girls"]
[Site "Panevezys"]
[Date "2015.04.02"]
[Round "7"]
[White "Vanagaite, Giedre"]
[Black "Saumanaite, Skaiste"]
[Result "0-1"]
[WhiteElo "1981"]
[BlackElo "1859"]
[PlyCount "56"]
[EventDate "2015.03.30"]
[EventType "tourn"]
[EventRounds "8"]
[EventCountry "LTU"]
[SourceTitle "EXT 2017"]
[Source "ChessBase"]
[SourceDate "2016.10.25"]
[SourceVersion "1"]
[SourceVersionDate "2016.10.25"]
[SourceQuality "1"]

1. d4 d5 2. Nf3 Nf6 3. g3 e6 4. c4 a6 5. Bg2 Be7 6. 0-0 0-0 7. Qc2 dxc4 8. Nbd2 b5 9. Ne5 Nd5 10. b3 cxb3 11. Nxb3 Bb7 12. a3 Nd7 13. Na5 Nxe5 14. Nxb7 Qc8 15. Na5 Nd7 16. Nc6 Re8 17. e4 N5b6 18. Nxe7+ Rxe7 19. Bf4 e5 20. dxe5 Nxe5 21. Be3 Na4 22. Rfd1 Nc4 23. Bf4 c6 24. Bf1 Ne5 25. Rd6 Qe8 26. Rad1 f6 27. Bh3 c5 28. Qd2 Nf3+ 0-1

[Event "LTU-ch U18 Girls"]
[Site "Panevezys"]
[Date "2015.04.01"]
[Round "4"]
[White "Saumanaite, Skaiste"]
[Black "Maciuityte, Greta"]
[Result "1-0"]
[WhiteElo "1859"]
[BlackElo "1645"]
[PlyCount "163"]
[EventDate "2015.03.30"]
[EventType "tourn"]
[EventRounds "8"]
[EventCountry "LTU"]
[SourceTitle "EXT 2017"]
[Source "ChessBase"]
[SourceDate "2016.10.25"]
[SourceVersion "1"]
[SourceVersionDate "2016.10.25"]
[SourceQuality "1"]

1. Nf3 c5 2. e4 d6 3. d4 cxd4 4. Nxd4 e6 5. Nc3 a6 6. a4 Nf6 7. Be2 Be7 8. Be3 0-0 9. 0-0 b6 10. f4 Bb7 11. Bf3 Nfd7 12. Kh1 Nc6 13. Qe1 Bh4 14. Qe2 Nxd4 15. Bxd4 e5 16. Be3 Be7 17. f5 Nc5 18. Qf2 Bh4 19. g3 Bg5 20. Bxg5 Qxg5 21. Rad1 Rad8 22. Bg2 Qf6 23. b3 a5 24. Rd2 Rd7 25. Qe3 h6 26. Rfd1 Bc6 27. Nd5 Bxd5 28. Rxd5 Rfd8 29. Bf1 Rc7 30. R1d2 Kh7 31. Bb5 Kg8 32. Kg2 Kh7 33. g4 Qh4 34. Be2 Rcd7 35. h3 Qf6 36. Bb5 Rc7 37. Kg3 Kg8 38. h4 Qe7 39. g5 h5 40. Rf2 Rf8 41. Bf1 Rd8 42. f6 Qd7 43. Bh3 Qc6 44. fxg7 Kxg7 45. Qf3 Kg8 46. c4 Re7 47. Bf5 Kg7 48. Qxh5 Rh8 49. Qf3 Qc7 50. Rfd2 Ne6 51. Rxd6 Nd4 52. R6xd4 exd4+ 53. Kg4 Qe5 54. Qg2 Ree8 55. Qg3 Qc5 56. Qf4 Re7 57. h5 Rd8 58. Rd3 Kh8 59. Qg3 Kg7 60. Qf4 Kh8 61. h6 Rd6 62. Kh5 Rd8 63. Bg4 Rd6 64. Qf5 Re5 65. Qc8+ Qxc8 66. Bxc8 Rg6 67. Bf5 Rd6 68. Kg4 Re7 69. Kf4 Rd8 70. Kf3 Re5 71. Ke2 Rde8 72. Rf3 Rd8 73. Kd3 Re7 74. Bg4 Kh7 75. Rf6 Rb7 76. Bf5+ Kg8 77. e5 Re7 78. e6 Rf8 79. exf7+ Kh8 80. g6 Re3+ 81. Kxd4 Rg3 82. g7+ 1-0

[Event "LTU-ch U18 Girls"]
[Site "Panevezys"]
[Date "2015.03.30"]
[Round "1"]
[White "Saumanaite, Skaiste"]
[Black "Vanagaite, Giedre"]
[Result "0-1"]
[WhiteElo "1859"]
[BlackElo "1981"]
[PlyCount "114"]
[EventDate "2015.03.30"]
[EventType "tourn"]
[EventRounds "8"]
[EventCountry "LTU"]
[SourceTitle "EXT 2017"]
[Source "ChessBase"]
[SourceDate "2016.10.25"]
[SourceVersion "1"]
[SourceVersionDate "2016.10.25"]
[SourceQuality "1"]

1. Nf3 d5 2. d4 Nf6 3. c4 g6 4. g3 Bg7 5. Bg2 0-0 6. Nbd2 c6 7. 0-0 e6 8. Qc2 b6 9. Ne5 Nfd7 10. f4 f5 11. b3 Bb7 12. Ndf3 Nxe5 13. dxe5 Re8 14. Ba3 Nd7 15. Rad1 Rc8 16. h4 Bf8 17. Bxf8 Nxf8 18. h5 Qe7 19. Kf2 Ba6 20. hxg6 Qc5+ 21. Rd4 hxg6 22. Rc1 Qe7 23. e3 c5 24. Rdd1 Red8 25. Ng5 dxc4 26. bxc4 Bb7 27. Bxb7 Qxb7 28. Qe2 Qe7 29. Rh1 Rd7 30. Rh6 Rcd8 31. Nf3 Qe8 32. Rch1 Rh7 33. Ng5 Rxh6 34. Rxh6 Qd7 35. g4 Kg7 36. Rh4 Qd2 37. Nf3 Qd1 38. Qb2 Qa4 39. gxf5 gxf5 40. Nd2 Rd3 41. Rh1 Qb4 42. Qxb4 cxb4 43. Ke2 Rc3 44. Rb1 Rc2 45. Rxb4 Rxa2 46. Kd3 Nd7 47. Nb3 Ra3 48. Kd4 a5 49. Rb5 a4 50. Na5 Kf7 51. Nc6 Ke8 52. Rb4 Kf7 53. Nd8+ Ke7 54. Nc6+ Ke8 55. e4 fxe4 56. Kxe4 Nc5+ 57. Kd4 Rd3# 0-1

[Event "LTU-chT (Women)"]
[Site "Lithuania"]
[Date "2015.02.15"]
[Round "4.2"]
[White "Gailiunaite, Saule"]
[Black "Saumanaite, Skaiste"]
[Result "0-1"]
[WhiteElo "1673"]
[BlackElo "1858"]
[PlyCount "106"]
[EventDate "2015.01.24"]
[EventType "team-swiss"]
[EventRounds "7"]
[EventCountry "LTU"]
[SourceTitle "EXT 2018"]
[Source "ChessBase"]
[SourceDate "2017.10.13"]
[SourceVersion "1"]
[SourceVersionDate "2017.10.13"]
[SourceQuality "1"]
[WhiteTeam "Kaunas Margiris (W)"]
[BlackTeam "Panevezys Nike (W)"]
[WhiteTeamCountry "LTU"]
[BlackTeamCountry "LTU"]

1. d4 d5 2. c4 dxc4 3. e4 c5 4. d5 Nf6 5. Nc3 e6 6. Bxc4 e5 7. Nge2 a6 8. a4 Bd6 9. 0-0 0-0 10. f4 exf4 11. Bxf4 Ng4 12. Qd2 Ne5 13. Bd3 Nbd7 14. Ng3 c4 15. Bc2 Bc5+ 16. Kh1 Ng6 17. Nf5 Nde5 18. Rad1 Qb6 19. Bb1 Ng4 20. Bg3 Rd8 21. Qe2 N4e5 22. Ba2 Qb4 23. d6 Be6 24. Ne7+ Nxe7 25. Bxe5 Ng6 26. Bg3 Bxd6 27. Bxd6 Rxd6 28. Rxd6 Qxd6 29. Bxc4 Nf4 30. Qf3 Bxc4 31. Qxf4 Qxf4 32. Rxf4 b5 33. axb5 axb5 34. Kg1 b4 35. Nd5 Ra1+ 36. Kf2 Ra2 37. Ke3 Rxb2 38. Rg4 Kf8 39. Kd4 Ba2 40. Kc5 b3 41. Kb4 Re2 42. Ka3 h5 43. Rg3 Rxe4 44. Nc3 Rf4 45. Nxa2 bxa2 46. Kxa2 Rg4 47. Kb3 Rxg3+ 48. hxg3 Ke7 49. Kc4 Kf6 50. g4 h4 51. Kd3 Kg5 52. Ke3 Kxg4 53. Ke2 h3 0-1

[Event "LTU-chT (Women)"]
[Site "Lithuania"]
[Date "2015.01.25"]
[Round "2.3"]
[White "Saumanaite, Skaiste"]
[Black "Ramanauskaite, Giedre"]
[Result "1-0"]
[WhiteElo "1858"]
[BlackElo "1969"]
[PlyCount "75"]
[EventDate "2015.01.24"]
[EventType "team-swiss"]
[EventRounds "7"]
[EventCountry "LTU"]
[SourceTitle "EXT 2018"]
[Source "ChessBase"]
[SourceDate "2017.10.13"]
[SourceVersion "1"]
[SourceVersionDate "2017.10.13"]
[SourceQuality "1"]
[WhiteTeam "Panevezys Nike (W)"]
[BlackTeam "Kaunas LSM (W)"]
[WhiteTeamCountry "LTU"]
[BlackTeamCountry "LTU"]

1. d4 e6 2. c4 Nf6 3. Nf3 d5 4. g3 dxc4 5. Bg2 Be7 6. 0-0 0-0 7. Qc2 Nbd7 8. Qxc4 Nb6 9. Qc2 Nbd5 10. a3 Rb8 11. e4 Nb6 12. Bf4 Na8 13. Nc3 a6 14. Rac1 b5 15. Rfd1 Bb7 16. Ne5 Nb6 17. Ne2 Bd6 18. Bg5 h6 19. Bxf6 Qxf6 20. Nc6 Bxc6 21. e5 Qf5 22. Qxf5 exf5 23. Rxc6 Be7 24. Rxc7 Bd8 25. Rc2 Nc4 26. Nf4 g5 27. Nd5 g4 28. Nb4 Rb6 29. Bd5 Na5 30. Nd3 Bg5 31. b4 Nb7 32. Rc7 Nd8 33. Nc5 Re8 34. Ra7 Ne6 35. Nd7 Bd8 36. Nxb6 Bxb6 37. Rxa6 Bxd4 38. Bxe6 1-0

[Event "EU-ch U16 Girls 24th"]
[Site "Batumi"]
[Date "2014.10.26"]
[Round "7"]
[White "Mammadova, Narmin Fazahir Qizi"]
[Black "Saumanaite, Skaiste"]
[Result "1-0"]
[WhiteElo "2124"]
[BlackElo "1793"]
[PlyCount "67"]
[EventDate "2014.10.19"]
[EventType "swiss"]
[EventRounds "9"]
[EventCountry "GEO"]
[SourceTitle "EXT 2015"]
[Source "ChessBase"]
[SourceDate "2014.11.20"]
[SourceVersion "1"]
[SourceVersionDate "2014.11.20"]
[SourceQuality "1"]

1. e4 c6 2. Ne2 d5 3. e5 g6 4. d4 Bg7 5. Nf4 e6 6. Be2 Nd7 7. 0-0 Ne7 8. Nd2 c5 9. c3 Nc6 10. Nf3 0-0 11. Be3 Re8 12. h4 f6 13. exf6 Bxf6 14. h5 g5 15. Nd3 c4 16. Nde1 a6 17. Nh2 Ne7 18. Ng4 Nf5 19. Qd2 h6 20. f4 Nxe3 21. Qxe3 Bg7 22. Nf3 Nf6 23. Nxf6+ Bxf6 24. Ne5 Re7 25. Ng4 Rh7 26. Rf2 Kh8 27. fxg5 Bxg5 28. Qe5+ Kg8 29. Raf1 Bd7 30. Rf6 Qe7 31. Rg6+ Rg7 32. Rxg7+ Qxg7 33. Nf6+ Bxf6 34. Rxf6 1-0